000 00582nas a2200205 4500
001 000037109
003 DO-SdBNP
005 20240917114417.0
008 120214c20059999dr ur1p dd 0 0spa d
040 _aDO-SdBNP
_bspa
_cBNPHU
_erda
043 _anwdr
245 0 0 _aEl aliado.
246 1 3 _aEl alidado
_bboletín
260 _aSanto Domingo :
_bINFOTEP.
300 _av. :
_bil., gráf., retrs. ;
_c28 cm.
310 _aIrregular
362 1 _aAño. 1 no. 1 (marzo del 2009)
650 4 _aCatalogación basada en el año. 1 no. 1 (marzo del 2009)
_963520
942 _2ddc
_cISSUE
999 _c36599
_d36599